| 000 | 01349cam a22003494a 4500 | ||
|---|---|---|---|
| 999 |
_c3569 _d3569 |
||
| 001 | 13040417 | ||
| 003 | GZU | ||
| 005 | 20201202113146.0 | ||
| 008 | 021223r20031990nyua 001 0 eng | ||
| 010 | _a 2002191927 | ||
| 020 | _a0060536357 (pbk.) | ||
| 040 |
_aDLC _cDLC _dDLC |
||
| 042 | _apcc | ||
| 043 | _an-us--- | ||
| 050 | 0 | 0 |
_aHD2796.R57 _bBYR 2003 |
| 082 | 0 | 0 |
_a338.8/3664/00973 _221 |
| 100 | 1 |
_aBurrough, Bryan, _d1961- |
|
| 245 | 1 | 0 |
_aBarbarians at the gate : _bthe fall of RJR Nabisco / _cBryan Burrough and John Helyar. |
| 250 | _a1st HarperBusiness Essentials ed. | ||
| 260 |
_aNew York : _bHarperBusiness Essentials, _c2003. |
||
| 300 |
_axxiii, 531 p. : _bill. ; _c21 cm. |
||
| 500 | _aOriginally published: New York : Harper & Row, c1990. | ||
| 610 | 2 | 0 | _aRJR Nabisco (Firm) |
| 650 | 0 |
_aLeveraged buyouts _zUnited States _vCase studies. |
|
| 650 | 0 |
_aConsolidation and merger of corporations _zUnited States _vCase studies. |
|
| 650 | 0 |
_aConglomerate corporations _zUnited States _vCase studies. |
|
| 700 | 1 |
_aHelyar, John, _d1951- |
|
| 856 | 4 | 2 |
_3Publisher description _uhttp://www.loc.gov/catdir/description/hc041/2002191927.html |
| 906 |
_a7 _bcbc _corignew _d1 _eocip _f20 _gy-gencatlg |
||
| 942 |
_2lcc _cBK _h2796.R57 _iBYR _kHD |
||